Almancil (Registo nº 4112)
[ vista simples ]
| 000 -Etiqueta do registo | |
|---|---|
| Cabeçalho | 00914nam a2200289 4500 |
| 005 - Identificador da versão | |
| Campo de controlo | 20240813122053.0 |
| 021 ## - Número do Depósito Legal | |
| Código do país | PT |
| Número | 232208/05 |
| 100 ## - Dados gerais de processamento | |
| Dados gerais de processamento | 20070116d2005 m y0pory5003 ba |
| 102 ## - Pais de publicação ou produção | |
| País de publicação | Portugal |
| 101 0# - Língua de publicação | |
| Língua do texto, banda sonora, etc. | Português |
| 106 ## - Campo de dados codificados: material textual | |
| Dados codificados do material textual | r |
| 105 ## - Campo de dados codificados: livros | |
| Dados codificados dos livros | a z 001yy |
| 215 ## - Descrição física | |
| Indicação específica da natureza do documento e extensão da espécie | 164 p. |
| Outras indicações físicas | il. |
| Dimensões | 24 cm |
| 200 1# - Titulo e menção de responsabilidade | |
| Título próprio | Almancil |
| Informação de outro título | monografia e memórias |
| Primeira menção de responsabilidade | Cristovão Guerreiro Norte |
| Outras menções de responsabilidade | fot. Aníbal Moreno |
| -- | colab. espec. Isabel A. C. Santos Moreno |
| 205 ## - Menção da edição | |
| Menção da edição | [1ª ed.] |
| 210 ## - Publicação, Distribuição, etc. | |
| Lugar da edição, distribuição, etc. | Almancil |
| Nome do editor, distribuidor, etc. | Associação Empresarial |
| Data da publicação, distribuição, etc. | 2005 |
| 320 ## - Nota relativa a bibliografia e índices internos | |
| Texto da nota | Bibliografia, p. 6 |
| 675 ## - Classificação Decimal Universal (CDU) | |
| Notação | 908(469.601) |
| Edição | BN |
| Língua da edição | por |
| 607 ## - Nome geográfico usado como assunto | |
| Número de registo de entrada de autoridade | 0000732 |
| Palavra de ordem | Almancil (Concelho de Loulé, Portugal) |
| Código do sistema | SIPOR |
| 702 #1 - Nome de autor-pessoa física (responsabilidade secundária) | |
| Número de registo de entrada de autoridade | 0000734 |
| Palavra de ordem | Moreno |
| Outra parte do nome não tomada para palavra de ordem | Aníbal de Sousa |
| Código de função | Fotógrafo |
| Número de registo de entrada de autoridade | 0000735 |
| Palavra de ordem | Moreno |
| Outra parte do nome não tomada para palavra de ordem | Isabel A. C. Santos |
| Código de função | Colaborador |
| 700 #1 - Nome de autor-pessoa física (responsabilidade principal) | |
| Número de registo de entrada de autoridade | 0000733 |
| Palavra de ordem | Norte |
| Outra parte do nome não tomada para palavra de ordem | Cristóvão Guerreiro |
| 942 ## - Elementos de entrada adicionados (Koha) | |
| Tipo de item no Koha | Livro |
| Situação do levantamento | Origin of item (home branch) (coded) | Biblioteca de empréstimo | Código de barras | Cota | Circulation type (not for loan) | Tipo de documento | Nota do exemplar | Damaged status |
|---|---|---|---|---|---|---|---|---|
| Biblioteca Escolar das Vendas | Biblioteca Escolar das Vendas | BEV1442 | 9FL ALM | Livro | Sem mensagem |
